书目信息 |
| 题名: |
大学数学—微积分
|
|
| 作者: | 高明成 , 刘子瑞 主编 | |
| 分册: | 下册 | |
| 出版信息: | 北京 科学出版社 2003.08 |
|
| 页数: | 364页 | |
| 开本: | 21cm | |
| 丛书名: | ||
| 单 册: | ||
| 中图分类: | O172 , O172 | |
| 科图分类: | ||
| 主题词: | 微积分--wei ji fen--高等学校--教材 | |
| 电子资源: | ||
| ISBN: | 7-03-011904-5 | |
| 000 | 00839nam0 2200301 450 | |
| 001 | CAL 012004019826 | |
| 005 | 20050609145804.4 | |
| 010 | @a7-03-011904-5@dCNY 16.00 | |
| 092 | @b02-663-171 | |
| 099 | @aCAL 012004019826 | |
| 100 | @a20040219d2003 em y0chiy0121 ea | |
| 101 | 0 | @achi |
| 102 | @aCN@b110000 | |
| 105 | @aak a 000yy | |
| 200 | 1 | @a大学数学—微积分@Ada xue shu xue—wei ji fen@h下册@f高明成,刘子瑞主编 |
| 210 | @a北京@c科学出版社@d2003.08 | |
| 215 | @a364页@c图@d21cm | |
| 320 | @a有书目 | |
| 517 | 1 | @a微积分@Awei ji fen |
| 606 | 0 | @a微积分@Awei ji fen@x高等学校@j教材 |
| 690 | @aO172@v4 | |
| 690 | @aO172@v4 | |
| 701 | 0 | @a高明成@Agao ming cheng@4主编 |
| 701 | 0 | @a刘子瑞@Aliu zi rui@4主编 |
| 801 | 0 | @aCN@bSJT@c20040310 |
| 905 | @a10447@dO172@eG150:2 | |
| 906 | @dCNY16.00@n0@r1 | |
| 998 | @aSJT | |
| 大学数学—微积分.下册/高明成,刘子瑞主编.-北京:科学出版社,2003.08 |
| 364页:图;21cm |
| ISBN 7-03-011904-5:CNY 16.00 |
| ● |
| 相关链接 |
|
|
|
正题名:大学数学—微积分
索取号:O172/G150:2
 
预约/预借
| 序号 | 登录号 | 条形码 | 馆藏地/架位号 | 状态 | 备注 |
| 1 | 539497 | 205394973 | 自科二线504/504自科库 49排1列6层/ [索取号:O172/G150:2] | 在馆 | |
| 2 | 539498 | 205394982 | 自科二线504/504自科库 49排1列6层/ [索取号:O172/G150:2] | 在馆 | |
| 3 | 539499 | 205394991 | 自科二线504/504自科库 49排1列6层/ [索取号:O172/G150:2] | 在馆 |